[Event "6th EICC"]
[Site "Warsaw POL"]
[Date "2005.06.29"]
[Round "11"]
[White "Kobalia,M"]
[Black "Iljushin,A"]
[Result "1/2-1/2"]
[WhiteElo "2644"]
[BlackElo "2543"]

1.e4 e6 2.d4 d5 3.Nd2 a6 4.Ngf3 c5 5.exd5 exd5 6.Be2 Nf6 7.O-O Be7 8.dxc5 Bxc5
9.Nb3 Bb6 10.Bg5 O-O 11.c3 Re8 12.Nbd4 Nc6 13.Re1 h6 14.Bh4 g5 15.Bg3 Ne4
16.Nxc6 bxc6 17.Nd4 c5 18.Nc2 Be6 19.Bh5 Qf6 20.Bf3 Nxg3 21.hxg3 Rad8 22.Bg4 d4
23.Bxe6 Rxe6 24.Rxe6 Qxe6 25.cxd4 cxd4 26.Qd3 Rc8 27.a3 Qc4 28.Ne1 Qxd3 29.Nxd3 Rc2
30.Rd1 a5 31.g4 f6 32.Kf1 a4 33.Rc1 Rd2 34.Rc6 Ba5 35.Ra6 Rxd3 36.Rxa5 Rd2
37.Rxa4 d3 38.f3 Rxb2 39.Rd4 d2 40.Ke2 Ra2 41.Rxd2 Rxa3  1/2-1/2

[Event "2nd RUS Pupils Summer Boys"]
[Site "Satka RUS"]
[Date "2005.06.30"]
[Round "4"]
[White "Papin,V"]
[Black "Lovkov,R"]
[Result "1-0"]
[WhiteElo "2440"]
[BlackElo "2351"]

1.e4 e6 2.d4 d5 3.Nd2 a6 4.Ngf3 c5 5.exd5 exd5 6.dxc5 Bxc5 7.Nb3 Bb6 8.Be2 Nf6
9.O-O O-O 10.Bg5 h6 11.Bh4 g5 12.Bg3 Nc6 13.c4 dxc4 14.Nbd2 c3 15.bxc3 Nh5
16.Qc2 Nxg3 17.hxg3 Re8 18.Bc4 Be6 19.Rad1 Qc7 20.Ne4 Kg7 21.Nd6 Bxc4 22.Nxc4 Bc5
23.Qf5 Ne7 24.Qd7 Rac8 25.Kh1 b5 26.Nce5 Qb6 27.Qg4 f5 28.Qh5 Qe6 29.Rde1 Bb6
30.Nd4 Bxd4 31.cxd4 Nd5 32.f4 Qf6 33.Kg1 Re7 34.Qf3 Nb4 35.fxg5 Qxg5 36.Nd3 Nc6
37.Rxe7+ Nxe7 38.Nf4 Kf7 39.Re1 Qf6 40.Qh5+ Kf8 41.d5 Kg8 42.Re6 Rc1+ 43.Kh2 Qf7
44.d6 Qxh5+ 45.Nxh5 Nc6 46.d7  1-0

[Event "ch-SCO"]
[Site "Oban SCO"]
[Date "2005.07.03"]
[Round "2"]
[White "Burnett,A"]
[Black "Jamieson,I"]
[Result "1-0"]
[WhiteElo "2191"]
[BlackElo "2064"]

1.e4 e6 2.d4 d5 3.Nd2 Be7 4.Ngf3 Nf6 5.e5 Nfd7 6.c4 dxc4 7.Bxc4 a6 8.O-O b5
9.Bd3 Bb7 10.Ne4 h6 11.Be3 Nc6 12.a3 Na5 13.Qc2 Bd5 14.Nfd2 O-O 15.b4 Nb7
16.Rac1 Rc8 17.Qd1 f5 18.exf6 Nxf6 19.Nxf6+ Rxf6 20.Ne4 Bxe4 21.Bxe4 Nd6
22.Bd3 Nf5 23.Rc6 Ra8 24.Qg4 Bd6 25.Rfc1 Ne7 26.R6c2 Rb8 27.Qe4 Nd5 28.Rc6 a5
29.bxa5 Bxa3 30.Ra1 Bd6 31.a6 b4 32.a7 Ra8 33.Bc4 Kf8 34.g3 Nc3 35.Qh7 Kf7
36.Raa6 Qc8 37.Qd3 Qb7 38.d5 e5 39.Bc5 Bxc5 40.Rxc7+  1-0

[Event "ch-SWE"]
[Site "Goeteborg SWE"]
[Date "2005.07.04"]
[Round "3"]
[White "Hermansson,E"]
[Black "Hillarp Persson,T"]
[Result "1/2-1/2"]
[WhiteElo "2430"]
[BlackElo "2511"]

1.e4 e6 2.d4 d5 3.Nd2 Be7 4.Bd3 c5 5.dxc5 Nf6 6.Qe2 Nc6 7.Ngf3 Nb4 8.O-O O-O
9.Re1 a5 10.Nf1 dxe4 11.Bxe4 Nxe4 12.Qxe4 Na6 13.c6 bxc6 14.Qxc6 Rb8 15.Qe4 Rb4
16.Qe2 Nc5  1/2-1/2

[Event "ZS"]
[Site "Brno CZE"]
[Date "2005.07.05"]
[Round "6"]
[White "Vavra,P1"]
[Black "Szymanski,M"]
[Result "0-1"]
[WhiteElo "2372"]
[BlackElo "2422"]

1.e4 e6 2.d4 d5 3.Nd2 Be7 4.e5 c5 5.Qg4 Kf8 6.dxc5 Nc6 7.Qg3 f6 8.exf6 Nxf6
9.Nb3 Kf7 10.Nf3 Re8 11.Bb5 Ne4 12.Qg4 Kg8 13.Nfd4 Nxd4 14.Nxd4 Bxc5 15.Bxe8 Bxd4
16.Qh5 Bxf2+ 17.Ke2 Qc7 18.Bd2 b6 19.Bb5 g6 20.Qh6 e5 21.Kd1 Bg4+ 22.Kc1 Nxd2
23.Qxd2 Qc5 24.b4 Qxb5 25.Qxf2 Rc8 26.Rb1 d4 27.Rb2 Qd5 28.h3 Bf5 29.Rd1 d3
30.g4 Be4 31.Qe3 Rc3 32.Qd2 Qd4 33.Qg5 Bf3 34.Qe7 Rxc2+ 35.Rxc2 Qa1+ 36.Kd2 Qxd1+
37.Ke3 Qe1+ 38.Kxf3 e4+ 39.Kf4 Qf1+ 40.Kg5 dxc2 41.Qe6+ Qf7 42.Qc8+ Kg7 43.Qc3+ Kf8
44.Qxc2 Qe7+ 45.Kf4 Qxb4 46.Qc8+ Kf7 47.Qh8 Qd2+ 48.Kg3 Qe3+ 49.Kg2 Qf3+
50.Kh2 Qf2+ 51.Kh1 Qe1+ 52.Kg2 Qe2+ 53.Kg3 Qf3+ 54.Kh2 Qf2+ 55.Kh1 Qh4 56.Qc3 Qe7
57.Qc4+ Kg7 58.Qd4+ Kh6 59.Qe3+ g5 60.h4 Qe5 61.hxg5+ Kg6 62.Kg2 Qd5 63.Qf4 e3+
64.Kg3 Qxg5 65.Qd6+ Kf7 66.Qc7+ Qe7 67.Qc4+ Kf6 68.Qd4+  0-1

[Event "34th TCh-GRE"]
[Site "Ermioni Argolidas GRE"]
[Date "2005.07.05"]
[Round "2"]
[White "Rozentalis,E"]
[Black "Socko,B"]
[Result "1-0"]
[WhiteElo "2567"]
[BlackElo "2615"]

1.e4 e6 2.d4 d5 3.Nd2 Be7 4.e5 c5 5.Qg4 g6 6.dxc5 Nd7 7.Bb5 Qc7 8.Ngf3 Qxc5
9.Bd3 Qc7 10.Qg3 h5 11.Nb3 h4 12.Qf4 Rh5 13.Qa4 Kf8 14.Bf4 g5 15.Be3 Nxe5
16.Nxe5 Qxe5 17.O-O-O Nf6 18.Nd4 Bd7 19.Qb3 Ng4 20.Qxb7 Rb8 21.Qxd7 Nxe3
22.Qxe7+ Kxe7 23.Nc6+ Ke8 24.Nxe5 Nxd1 25.Rxd1 Rh8 26.a4 Rc8 27.Bb5+ Ke7
28.c4 Rc7 29.b3 Kd6 30.Nd3 dxc4 31.bxc4 Ke7 32.Nb4 Rhc8 33.Rd4 a5 34.Nd3 f6
35.Kd2 e5 36.Rd5 g4 37.Ke3 Ke6 38.h3 gxh3 39.gxh3 Rg8 40.Kf3 Rg1 41.Nc5+ Ke7
42.Na6 Ra7 43.c5 Rh1 44.Kg2 Rc1 45.c6 Ke6 46.Rc5 Rg7+ 47.Kf3 Rxc5 48.Nxc5+ Kd6
49.Nb7+ Kc7 50.Nxa5 f5 51.Nc4 e4+ 52.Kf4 Rg2 53.Ne3 Rxf2+ 54.Ke5 Kb8 55.Nd5 Ka7
56.c7 Rc2 57.Kd6 Kb7 58.a5 e3 59.a6+  1-0

[Event "DMP 1st League"]
[Site "Koszalin POL"]
[Date "2005.07.05"]
[Round "1"]
[White "Krzyzanowski,M"]
[Black "Strzemiecki,Z"]
[Result "1/2-1/2"]
[WhiteElo "2005"]
[BlackElo "2195"]

1.e4 e6 2.d4 d5 3.Nd2 Nc6 4.c3 Nf6 5.e5 Nd7 6.Bd3 g6 7.Ne2 f6 8.Nf4 Kf7 9.Qg4 f5
10.Qg3 Be7 11.h4 Nf8 12.Nf3 h6 13.Qh3 Nb8 14.g4 c5 15.Rg1 cxd4 16.gxf5 gxf5
17.Nxd4 Qc7 18.Be3 Nc6 19.Be2 Ke8 20.Bh5+ Kd8 21.Rd1 Bd7 22.Nxc6+ bxc6 23.Nd3 c5
24.Qg3 Be8 25.Bf3 Rb8 26.Nf4 Bf7 27.Rd2 Rg8 28.Qh2 Rxg1+ 29.Qxg1 Qxe5 30.Nd3 Qf6
31.Nxc5 Rc8 32.Nd3 Qxh4 33.Ne5 Ke8 34.Be2 Rb8 35.Qf1 Qa4 36.b3 Qa5 37.a4 Ng6
38.Nc6 Qc7 39.Nxb8 Qxb8 40.Bb5+ Kd8 41.f4 Bf6 42.Rd3 a6 43.Bxa6 Qxb3 44.Kf2 Bh4+
45.Kg1 Qb2 46.Qg2 Qa1+ 47.Qf1 Qb2 48.Bd4 Qb8 49.Rh3 Ke8 50.Bb5+ Kf8 51.a5 Bd8
52.Rxh6 Bxa5 53.Rxg6 Bxg6 54.Qh3 Qxb5 55.Qh8+ Ke7 56.Qf6+ Kd6 57.Be5+ Kd7
58.Qxg6 Bb6+ 59.Kh2 Qe2+ 60.Kh3 Qf1+ 61.Kh2 Qf2+ 62.Kh3 Qe3+ 63.Kh2 Qc5  1/2-1/2

[Event "Open"]
[Site "Barbera del Valles ESP"]
[Date "2005.07.06"]
[Round "3"]
[White "De la Paz,F"]
[Black "Narciso Dublan,M"]
[Result "0-1"]
[WhiteElo "2464"]
[BlackElo "2476"]

1.e4 e6 2.d4 d5 3.Nd2 Be7 4.e5 c5 5.Qg4 g6 6.dxc5 Nc6 7.Bb5 Bxc5 8.Nb3 Bb6
9.Nf3 Bd7 10.Bxc6 bxc6 11.O-O c5 12.c4 f5 13.Qg3 d4 14.Bg5 Qc7 15.h4 Ba4
16.h5 h6 17.Bf6 Nxf6 18.Qxg6+ Qf7 19.exf6 Rg8 20.Qxh6 Bc6 21.Nbd2 Ba5 22.g3 Bxd2
23.Nxd2 O-O-O 24.f3 Qc7 25.Kf2 Qxg3+ 26.Ke2 Qe5+ 27.Kd3 Qe3+ 28.Qxe3 dxe3+
29.Kxe3 f4+ 30.Kxf4 Rxd2 31.h6 Re2 32.Rad1 Bd7 33.f7 e5+  0-1

[Event "ZS"]
[Site "Brno CZE"]
[Date "2005.07.06"]
[Round "7"]
[White "Vymazal,B"]
[Black "Vavra,P1"]
[Result "0-1"]
[WhiteElo "2192"]
[BlackElo "2372"]

1.e4 e6 2.d4 d5 3.Nd2 Be7 4.Ngf3 Nf6 5.e5 Nfd7 6.Bd3 b6 7.Qe2 c5 8.c3 Nc6
9.a3 a5 10.Nf1 Ndb8 11.Ng3 Ba6 12.Bxa6 Nxa6 13.h4 cxd4 14.cxd4 a4 15.Nh5 g6
16.Nf6+ Bxf6 17.exf6 Qxf6 18.Qb5 Nb8 19.Bh6 Ra5 20.Qxb6 Qd8 21.Qxd8+ Kxd8
22.Rc1 Ke7 23.h5 g5 24.Bxg5+ f6 25.Bf4 Ra6 26.g4 Rb6 27.Rc2 Rb3 28.Be3 Na5
29.Nd2 Rb7 30.Rg1 h6 31.f4 Nbc6 32.Kf2 Kd6 33.Kg3 f5 34.Kh4 fxg4 35.Rxg4 Ne7
36.Kg3 Rhb8 37.f5 Nxf5+ 38.Kf3 Nc6 39.Bf4+ Kd7 40.Bxb8 Ncxd4+ 41.Kf2 Rxb8
42.Rc3 Rxb2 43.Ke1 e5 44.Rg6 e4 45.Nf1 e3 46.Nxe3 Re2+ 47.Kf1 Nxe3+  0-1

[Event "DMP 1st League"]
[Site "Koszalin POL"]
[Date "2005.07.06"]
[Round "2"]
[White "Gasik,An"]
[Black "Hermanowicz,D"]
[Result "0-1"]
[WhiteElo "2082"]
[BlackElo "2079"]

1.e4 e6 2.d4 d5 3.Nd2 Nc6 4.Ngf3 Nf6 5.e5 Nd7 6.c3 f6 7.exf6 Qxf6 8.Bb5 Bd6
9.Nf1 e5 10.dxe5 Ncxe5 11.Nxe5 Qxe5+ 12.Qe2 c6 13.Qxe5+ Nxe5 14.Be2 Bf5 15.Kd2 O-O-O
16.Ne3 Bg6 17.b3 d4 18.Ng4 h5 19.Nxe5 Bxe5 20.f4 Bxf4+ 21.Kd1 dxc3+ 22.Ke1 Be5
23.Bg5 c2 24.Bxd8 Bxa1 25.Bg5 Bb2 26.Kf2 Re8 27.Bf3 Re5 28.Bf4 Ra5 29.a4 Rc5
30.Bc1 Bxc1 31.Rxc1 Rc3  0-1

[Event "ch-NOR"]
[Site "Sandnes NOR"]
[Date "2005.07.06"]
[Round "5"]
[White "Fossan,E"]
[Black "Fyllingen,R"]
[Result "0-1"]
[WhiteElo "2389"]
[BlackElo "2395"]

1.e4 e6 2.d4 d5 3.Nd2 Nc6 4.Ngf3 Nf6 5.e5 Nd7 6.c3 f6 7.Bb5 fxe5 8.dxe5 Be7
9.O-O O-O 10.Re1 Qe8 11.Nf1 Nd8 12.Qc2 Rf7 13.h4 c5 14.Bg5 c4 15.Ng3 h6 16.Bxe7 Qxe7
17.Bxd7 Bxd7 18.h5 Nc6 19.Rad1 Raf8 20.b4 a6 21.a4 Rf4 22.Rd2 Be8 23.Qb2 Rxf3
24.gxf3 Qg5 25.Rde2 Bxh5 26.b5 axb5 27.axb5 Ne7 28.Qd2 Rf4 29.Re3 Nf5 30.Kg2 Bxf3+
31.Rxf3 Nh4+ 32.Kf1 Nxf3 33.Qa2 Nxe1 34.Kxe1 Qxe5+ 35.Kf1 Qxc3  0-1

[Event "ch-NOR"]
[Site "Sandnes NOR"]
[Date "2005.07.08"]
[Round "7"]
[White "Carlsen,M"]
[Black "Fyllingen,R"]
[Result "1-0"]
[WhiteElo "2528"]
[BlackElo "2395"]

1.e4 e6 2.d4 d5 3.Nd2 a6 4.Ngf3 c5 5.exd5 exd5 6.dxc5 Bxc5 7.Nb3 Ba7 8.Qe2+ Qe7
9.Nfd4 Bg4 10.f3 Qxe2+ 11.Bxe2 Bd7 12.Bf4 Ne7 13.O-O-O Nbc6 14.Rhe1 Nxd4
15.Nxd4 O-O-O 16.Bd3 Rde8 17.c3 Bxd4 18.cxd4 Nc6 19.Be3 Re7 20.Kd2 Rhe8 21.Rc1 h6
22.Bf2 Rxe1 23.Bxe1 Kd8 24.Bh4+ Kc7 25.Bg3+ Kd8 26.Rc5 Nxd4 27.Rc7 Bc6 28.Rxf7 Re7
29.Rf8+ Re8 30.Rxe8+ Kxe8 31.Be5 Ne6 32.Bf5 Kf7 33.Bxe6+ Kxe6 34.Bxg7 h5
35.Ke3 Kf5 36.Bd4 Bb5 37.Bc5 Bc4 38.a3 Bb5 39.b3 a5 40.Kf2 a4 41.bxa4 Bxa4
42.h3 Bd1 43.g4+ hxg4 44.hxg4+ Kg6 45.Kg3 b5 46.f4 Bc2 47.Be3 d4 48.Bf2 Be4
49.Bxd4 Bc2 50.Bb6 Be4 51.Bd8 Bc2 52.Kf2 Be4 53.Ke3 Bc2 54.Bh4 Bb1 55.Kd4 Bc2
56.Ke5 Bd3 57.f5+ Kf7 58.g5 Bc2 59.Be1 Bd3 60.Bc3 Bc2 61.Kf4 Bb1 62.g6+ Kg8
63.Kg5 Bc2 64.f6 Bb3 65.Bb4 Ba2 66.Kf4  1-0

[Event "ch-NOR"]
[Site "Sandnes NOR"]
[Date "2005.07.09"]
[Round "8"]
[White "Fossan,E"]
[Black "Djurhuus,R"]
[Result "0-1"]
[WhiteElo "2389"]
[BlackElo "2461"]

1.e4 e6 2.d4 d5 3.Nd2 Be7 4.Bd3 c5 5.c3 Nc6 6.Ngf3 Nf6 7.O-O cxd4 8.cxd4 dxe4
9.Nxe4 O-O 10.Nxf6+ Bxf6 11.Be3 Qd6 12.Be4 g6 13.Rc1 Ne7 14.Qb3 Rd8 15.Rfd1 Nd5
16.Rc5 Nxe3 17.fxe3 Rb8 18.Rdc1 Bd7 19.Bxb7 Be8 20.Rc8 Qd7 21.R8c7 Qd6 22.Rc8 Kg7
23.Rxb8 Rxb8 24.Rc8 Rxc8 25.Bxc8 g5 26.Bb7 g4 27.Nd2 Qc7 28.Ne4 Be7 29.Nc3 Bd6
30.g3 Bxg3 31.hxg3 Qxg3+ 32.Bg2 Qxe3+ 33.Kf1 Qxd4 34.Ne2 Qf6+ 35.Kg1 h5 36.Qc3 h4
37.b4 e5 38.Qc8 g3 39.Qg4+ Kf8 40.Bf3 Qb6+ 41.Kh1 Qf2 42.Bg2 h3 43.Qxh3 Qxe2
44.Qxg3 f6 45.Qh4 Kg7 46.Qg3+ Bg6 47.a4 f5 48.b5 Qh5+ 49.Kg1 f4 50.Qf3 Qxf3
51.Bxf3 e4 52.Bh1 Kf6 53.a5 Ke5 54.Bg2 Bf5 55.Kf2 Kd6 56.Bf1 Kc5 57.Be2 Bd7
58.Bf3 e3+ 59.Kg2 Bxb5 60.Bg4 Bc6+  0-1

[Event "Open"]
[Site "Barbera del Valles ESP"]
[Date "2005.07.10"]
[Round "7"]
[White "De la Paz,F"]
[Black "Vilela,JL"]
[Result "1/2-1/2"]
[WhiteElo "2464"]
[BlackElo "2394"]

1.e4 e6 2.d4 d5 3.Nd2 a6 4.Ngf3 c5 5.exd5 exd5 6.Be2 Nf6 7.O-O Be7 8.dxc5 Bxc5
9.Nb3 Ba7 10.Bg5 O-O 11.c3 Re8 12.Bh4 Nc6 13.Re1 h6 14.Bd3 g5 15.Bg3 Ne4
16.Nfd4 Qf6 17.Kh1 Bd7 18.Qh5 Nxd4 19.cxd4 Nxg3+ 20.fxg3 Rxe1+ 21.Rxe1 Re8
22.Rf1 Qg7 23.Qf3 Be6 24.Bf5 g4 25.Qf4 Bb8 26.Qf2 b6 27.Qe2 Bd7 28.Qxa6 Bxf5
29.Rxf5 Re1+ 30.Rf1 Rxf1+ 31.Qxf1 Qg6 32.Kg1 Qe4 33.Qc1 Bd6 34.Qd2 Be7 35.Kf2 Bg5
36.Qc3 Qf5+ 37.Ke2 Qe4+ 38.Kf2 Qf5+ 39.Ke2 Qe4+ 40.Kf2 Qf5+  1/2-1/2

[Event "57th ch-Montenegro"]
[Site "Cetinje SCG"]
[Date "2005.07.10"]
[Round "3"]
[White "Brajovic,R"]
[Black "Abramovic,D"]
[Result "1-0"]
[WhiteElo "2296"]
[BlackElo "2136"]

1.e4 e6 2.d4 d5 3.Nd2 Nc6 4.Ngf3 Nf6 5.e5 Nd7 6.Bb5 Ncb8 7.O-O b6 8.Re1 a5
9.Nf1 Ba6 10.Bxa6 Nxa6 11.a3 Be7 12.c4 dxc4 13.Qa4 c6 14.Qxc4 Qc8 15.Bg5 Qb7
16.Rac1 Rc8 17.Ng3 b5 18.Qc2 Nb6 19.Ne4 O-O 20.Bxe7 Qxe7 21.Neg5 g6 22.Ne4 Nd5
23.Qd2 a4 24.Qh6 f5 25.exf6 Nxf6 26.Neg5 Nc7 27.Rxc6 Qd7 28.Rcc1 Rce8 29.h3 Ncd5
30.Ne5 Qa7 31.Rc5 Qa5 32.Ngf3 Qb6 33.Rec1 b4 34.Nc4 Qb8 35.Ne3 Ne4 36.Ng5 Nxg5
37.Nxd5 exd5 38.Qxg5 bxa3 39.Qxd5+ Kh8 40.bxa3 Qb2 41.R5c2 Qxa3 42.Rc7 Rxf2
43.Qb7 Qf8 44.Rxh7+ Kg8 45.Rh4 Rf7 46.Qc6 Qe7 47.Rg4 Rg7 48.Qxa4 Qe3+ 49.Kh2 Qe7
50.Rc6 g5 51.Qc4+ Kh7 52.Qd3+ Kg8 53.Qg3 Rd8 54.Rc5 Rxd4 55.Rgxg5 Rxg5 56.Rxg5+  1-0

[Event "Andorra Open"]
[Site "Andorra la Vella AND"]
[Date "2005.07.11"]
[Round "3"]
[White "Perez Candelario,Man"]
[Black "Fluvia,J"]
[Result "1/2-1/2"]
[WhiteElo "2504"]
[BlackElo "2443"]

1.e4 e6 2.d4 d5 3.Nd2 Be7 4.c3 c5 5.exd5 exd5 6.dxc5 Bxc5 7.Nb3 Bb6 8.Nf3 Nf6
9.Be2 O-O 10.O-O Ne4 11.Nbd4 Nc6 12.Be3 Re8 13.Qc2 Qf6 14.Qb3 Bg4 15.Qxd5 Rad8
16.Qb5 Bxf3 17.Bxf3 Nxd4 18.cxd4 Nd6 19.Qh5 g6 20.Qg4 h5 21.Qf4 Qxf4 22.Bxf4 Bxd4
23.Rad1 Be5 24.Bg5 f6 25.Bc1 Kg7 26.g3 Re7 27.Kg2 Red7 28.Rd5 Nf5 29.Rfd1 Nd4
30.Rxd7+ Rxd7 31.Be3 b6 32.Rd2 Rd6 33.Ba8 Nf5 34.Rxd6  1/2-1/2

[Event "DMP 1st League"]
[Site "Koszalin POL"]
[Date "2005.07.11"]
[Round "8"]
[White "Kukla,M"]
[Black "Bebel,A"]
[Result "1-0"]
[WhiteElo "1969"]
[BlackElo "1990"]

1.e4 e6 2.d4 d5 3.Nd2 Nc6 4.Ngf3 Nf6 5.e5 Nd7 6.Nb3 a5 7.a4 Be7 8.Bb5 Ncb8
9.h4 h6 10.Be3 b6 11.c3 Ba6 12.Nbd2 Qc8 13.O-O c6 14.Be2 Bxe2 15.Qxe2 Qa6
16.Qd1 c5 17.Nb1 Nc6 18.Na3 Na7 19.Qb3 c4 20.Qc2 Rb8 21.Rfb1 O-O 22.g4 Qc8
23.Kg2 Qd8 24.Rh1 b5 25.Qd2 f5 26.Bxh6 fxg4 27.Nh2 gxh6 28.Qxh6 Qe8 29.Nxg4 Bxa3
30.Rag1 Rf5 31.Kf1 Kf7 32.Qh7+ Kf8 33.Nh6  1-0

[Event "DMP 1st League"]
[Site "Koszalin POL"]
[Date "2005.07.11"]
[Round "9"]
[White "Gasik,An"]
[Black "Kozak,Ma"]
[Result "0-1"]
[WhiteElo "2082"]
[BlackElo "2171"]

1.e4 e6 2.d4 d5 3.Nd2 Nc6 4.Ngf3 Nf6 5.e5 Nd7 6.Bb5 a6 7.Bxc6 bxc6 8.Nb3 c5
9.Bg5 Be7 10.Bxe7 Qxe7 11.dxc5 Nxc5 12.Nxc5 Qxc5 13.c3 a5 14.O-O Ba6 15.Re1 O-O
16.Qd4 Qe7 17.Qg4 Rab8 18.b3 c5 19.Re3 Rfd8 20.Rd1 Rbc8 21.Ng5 d4 22.Rh3 Be2
23.Qxe2 Qxg5 24.Rg3 Qf5 25.Rgd3 Rd5 26.cxd4 cxd4 27.f3 Rcd8 28.Qe4 Qg5 29.Rxd4 Rxd4
30.Rxd4 Qc1+ 31.Kf2 Qc5 32.Ke3 f5  0-1

[Event "ch-Paris Open"]
[Site "Paris FRA"]
[Date "2005.07.12"]
[Round "4"]
[White "Kogan,Ar"]
[Black "Drasko,M"]
[Result "1-0"]
[WhiteElo "2580"]
[BlackElo "2516"]

1.e4 e6 2.d4 d5 3.Nd2 Be7 4.e5 c5 5.Qg4 g6 6.dxc5 Nd7 7.Ngf3 Qc7 8.Bb5 Qxc5
9.c4 dxc4 10.Qxc4 a6 11.Qxc5 Bxc5 12.Bd3 Ne7 13.Ne4 Bb4+ 14.Ke2 Nc6 15.Bf4 h6
16.h4 Bf8 17.Rac1 Bg7 18.Nd6+ Ke7 19.Be4 Ndxe5 20.Nxe5 Bxe5 21.Bxe5 Nxe5
22.Rhd1 g5 23.Rc7+ Kf6 24.f4 gxf4 25.Rf1 Bd7 26.Bxb7 Ra7 27.Rxf4+ Ke7 28.Rd4 Rb8
29.b3 f6 30.Rxd7+ Kxd7 31.Nb5+ Ke8 32.Nxa7 Rxb7 33.Nc8 Rg7 34.Nd6+ Ke7 35.Kf1 f5
36.Nb7 Ng4 37.Nc5 Ne3+ 38.Kf2 Ng4+ 39.Kg1 Ne5 40.Rb4 Kf6 41.Rb6 Nf3+ 42.Kf2 Nd4
43.Rxa6 Rg4 44.a4 Rxh4 45.a5 Ke5 46.Rb6 Rh1 47.a6 Ra1 48.Na4 Nxb3 49.Rb4 Ra2+
50.Kg1 Ra1+ 51.Kh2 Nd2 52.a7 Nf1+ 53.Kh3 Ra3+ 54.Kh4  1-0

[Event "Andorra Open"]
[Site "Andorra la Vella AND"]
[Date "2005.07.14"]
[Round "6"]
[White "Fluvia Poyatos,J"]
[Black "Kallio,H"]
[Result "1-0"]
[WhiteElo "2458"]
[BlackElo "2507"]

1.e4 e6 2.d4 d5 3.Nd2 Be7 4.c3 dxe4 5.Nxe4 Nf6 6.Bd3 Bd7 7.Nf3 Nxe4 8.Bxe4 Bc6
9.Bc2 Nd7 10.O-O b5 11.Bf4 Bd6 12.Ne5 Nxe5 13.dxe5 g5 14.exd6 gxf4 15.Qd4 Rg8
16.Be4 Bxe4 17.Qxe4 cxd6 18.Qxf4 Rc8 19.Rad1 d5 20.Rfe1 Qg5 21.Qf3 Kf8 22.g3 Rg6
23.Qd3 a6 24.f4 Qg4 25.f5 exf5 26.Qxd5 f4 27.Rd4 Rcc6 28.Qe5 Rcf6 29.Rf1 Qe6
30.Qxe6 fxe6 31.Rdxf4 Rxf4 32.Rxf4+ Ke7 33.Rh4 Rg7 34.Kf2 Kd6 35.Ke3 Rc7
36.a4 Rb7 37.Rb4 Kc5 38.axb5 axb5 39.h4 Rf7 40.Rf4 Ra7 41.g4 Ra1 42.Rf7 Re1+
43.Kf2 Rb1 44.Rxh7 Rxb2+ 45.Ke3 Rb3 46.Ke4 Kd6 47.Rb7 Kc6 48.Ra7 Rxc3 49.h5 Rh3
50.Ra6+ Kd7 51.Ke5 Rh4 52.Rd6+ Ke7 53.Rxe6+ Kf7 54.Rf6+ Kg7 55.Rg6+ Kh7 56.Kf5 Rh1
57.Rb6 Rf1+ 58.Kg5 Rf7 59.Rxb5 Rg7+ 60.Kh4 Rc7 61.Rb4 Rc1 62.Rb7+ Kg8 63.h6 Rc5
64.g5 Ra5 65.Kh5 Kh8 66.Re7 Kg8 67.Kg6 Ra8 68.Rf7 Rb8 69.Rf6 Ra8 70.Rb6 Rc8
71.Rd6 Rb8 72.Re6 Ra8 73.Re5 Rb8 74.Kh5 Kf7 75.Ra5 Rb1 76.Ra7+ Kg8 77.Ra8+ Kf7
78.g6+ Kf6 79.Rf8+ Ke7 80.g7 Rh1+ 81.Kg6 Rg1+ 82.Kh7 Rxg7+ 83.hxg7  1-0

[Event "2nd Sanjin Hotel Cup"]
[Site "Tiayuan CHN"]
[Date "2005.07.15"]
[Round "7"]
[White "McShane,L"]
[Black "Ni Hua"]
[Result "0-1"]
[WhiteElo "2625"]
[BlackElo "2629"]

1.e4 e6 2.d4 d5 3.Nd2 Be7 4.c3 c5 5.exd5 Qxd5 6.Ngf3 Nf6 7.Bc4 Qd6 8.O-O cxd4
9.Nxd4 a6 10.Qe2 O-O 11.Bd3 Nbd7 12.Re1 Re8 13.Nc4 Qc7 14.Qf3 b5 15.Bf4 Qb7
16.Qxb7 Bxb7 17.Nd6 Nd5 18.Nxb7 Nxf4 19.Be4 Nb6 20.Bc6 Rec8 21.Na5 Ra7 22.Rad1 Nc4
23.Nxc4 bxc4 24.Be4 Bc5 25.g3 Ng6 26.Nf3 Rac7 27.Re2 Be7 28.Red2 Nf8 29.Ne5 f6
30.Nd7 g6 31.Bf3 Kf7 32.Nxf8 Kxf8 33.Rd7 Ke8 34.Rxc7 Rxc7 35.Rd4 e5 36.Rh4 h5
37.Re4 Kd7 38.Kf1 Ke6 39.Be2 Kd5 40.Bf3 Kd6 41.Re2 Rc5 42.Rd2+ Ke6 43.h4 f5
44.Bd1 g5 45.Bxh5 gxh4 46.gxh4 Bxh4 47.f3 Bg5 48.Rg2 Kf6 49.Be8 Rd5 50.Ke1 Bh4+
51.Ke2 Bg5 52.Ke1 Rd6 53.Ba4 Bf4 54.Bd1 Bc1 55.Rc2 Be3 56.Rg2 Rb6 57.Ba4 Rb8
58.b3 Rc8 59.Kd1 Rd8+ 60.Kc2 Bc5 61.b4 Be3 62.Bc6 Rd3 63.Bb7 Bf4 64.Bxa6 Rxf3
65.Bxc4 e4 66.Kb3 Be5 67.Rc2 Rh3 68.a4 f4 69.a5 f3 70.b5 e3 71.a6 Bd4 72.Bf1 Bb6
73.Kc4 Rh1 74.Bd3 f2 75.Be2 Re1 76.Kd3 Rd1+  0-1

[Event "XVI Vidmar Mem"]
[Site "Portoroz SLO"]
[Date "2005.07.17"]
[Round "9"]
[White "Borisek,J"]
[Black "Bartel,Mat"]
[Result "1-0"]
[WhiteElo "2509"]
[BlackElo "2540"]

1.e4 e6 2.d4 d5 3.Nd2 Be7 4.g3 c5 5.dxc5 Nf6 6.Bg2 dxe4 7.Qe2 Nbd7 8.Nxe4 Nxe4
9.Qxe4 Nxc5 10.Qe2 O-O 11.Nf3 Qa5+ 12.Bd2 Qb6 13.Rb1 f6 14.O-O e5 15.b4 Ne6
16.c4 Bd7 17.Rfc1 Rfd8 18.Be3 Qc7 19.Nd2 Kh8 20.Ne4 Bc6 21.Nc3 Nd4 22.Bxd4 Rxd4
23.Bh3 Rad8 24.b5 Be8 25.Nd5 Qc5 26.Nxe7 Qxe7 27.c5 Rd2 28.Qe1 Bg6 29.Ra1 Bc2
30.c6 bxc6 31.bxc6 Qc5 32.Bd7 Qd6 33.a4 Rxd7 34.cxd7 Qxd7 35.Ra2  1-0

[Event "Magistral"]
[Site "Salamanca ESP"]
[Date "2005.07.17"]
[Round "8"]
[White "Dunis,A"]
[Black "Romero Holmes,A"]
[Result "1-0"]
[WhiteElo "2485"]
[BlackElo "2503"]

1.e4 e6 2.d4 d5 3.Nd2 Nc6 4.Ngf3 Nf6 5.e5 Nd7 6.Nb3 b6 7.Bb5 Bb7 8.c3 f6
9.O-O a6 10.Bd3 fxe5 11.Ng5 Qf6 12.Qg4 O-O-O 13.Nxh7 Rxh7 14.Bxh7 Be7 15.Bc2 Rh8
16.Be3 e4 17.h3 Qf7 18.Qe2 Qg6 19.f3 Rxh3 20.fxe4 dxe4 21.Bf4 Nf6 22.Nd2 Rh4
23.Nxe4 Nxd4 24.cxd4 Nxe4 25.Rae1 Qh7 26.Bxe4 Rh1+ 27.Kf2 Bh4+ 28.Kf3 Bxe4+
29.Qxe4 Qh5+ 30.Ke3 Bxe1 31.Qxe6+ Kb7 32.Qe4+ Ka7 33.Rxh1 Qxh1 34.Bxc7 Qg1+
35.Kd3 Qf1+ 36.Qe2 Qf5+ 37.Ke3 Bh4 38.Bf4 Qe6+ 39.Kf3 Qf7 40.Qe5 a5 41.Qc7+ Qxc7
42.Bxc7 Kb7 43.Be5 g6 44.Ke4 Kc6 45.a4 b5 46.axb5+ Kxb5 47.Kd5 a4 48.Ke6 Kc4
49.d5 Bd8 50.d6 Kb3 51.d7 Kc2 52.Kf7  1-0

[Event "MTO Open"]
[Site "Biel SUI"]
[Date "2005.07.18"]
[Round "1"]
[White "Pg,Mohd Omar Ak Hirawan"]
[Black "Suter,S"]
[Result "0-1"]
[WhiteElo "2364"]
[BlackElo "2112"]

1.e4 e6 2.d4 d5 3.Nd2 Nc6 4.c3 e5 5.dxe5 dxe4 6.Bb5 Bd7 7.Nxe4 Nxe5 8.Qd5 Nc6
9.Nf3 Nf6 10.Nxf6+ Qxf6 11.O-O Be7 12.Re1 h6 13.Qe4 a6 14.Ba4 b5 15.Bc2 g6
16.Bf4 Rc8 17.Ne5  0-1

[Event "Magistral"]
[Site "Salamanca ESP"]
[Date "2005.07.18"]
[Round "9"]
[White "Zlotnik,B"]
[Black "Dunis,A"]
[Result "1-0"]
[WhiteElo "2434"]
[BlackElo "2485"]

1.d4 e6 2.e4 d5 3.Nd2 Be7 4.c3 c5 5.dxc5 Nf6 6.exd5 Qxd5 7.Ngf3 Qxc5 8.Bd3 Nc6
9.Qe2 O-O 10.Nc4 Rd8 11.Be3 Qh5 12.Nd4 Bd7 13.Qxh5 Nxh5 14.Be4 Rac8 15.Nxc6 Bxc6
16.Bxc6 Rxc6 17.Ne5 Ra6 18.Ke2 Nf6 19.c4 Ne8 20.a3 Nd6 21.Rac1 f6 22.Nd3 Nf5
23.c5 Ra4 24.Rhd1 Kf7 25.Rc3 Re4 26.Rdc1 Nd4+ 27.Kf1 f5 28.Re1 Bf6 29.Rec1 Rd7
30.b4 g5 31.Bxd4 Rexd4 32.c6 bxc6 33.Ne1 Rh4 34.Rxc6 Rxh2 35.Rc7 Rh1+ 36.Ke2 Ke7
37.R1c6 g4 38.a4 Be5 39.Rxd7+ Kxd7 40.Ra6 Bb8 41.b5 Rg1 42.g3 e5 43.Nd3 f4
44.Nc5+ Ke7 45.Re6+ Kf7 46.Rh6 f3+ 47.Kd3 Rd1+ 48.Ke4 Kg7 49.Rh4 Rd4+ 50.Kf5 Rd5
51.Ne6+ Kh8 52.Kxg4 e4 53.Ng5 Re5 54.Nf7+ Kg7 55.Nxe5 Bxe5 56.Kf5  1-0

[Event "ACT Open"]
[Site "Amsterdam NED"]
[Date "2005.07.20"]
[Round "5"]
[White "Wempe,Jo"]
[Black "Buckley,Si"]
[Result "0-1"]
[WhiteElo "2228"]
[BlackElo "2333"]

1.e4 e6 2.d4 d5 3.Nd2 Be7 4.Bd3 Nc6 5.Ngf3 Nb4 6.Be2 dxe4 7.Nxe4 Nf6 8.Neg5 h6
9.Nh3 c5 10.c3 Nc6 11.O-O cxd4 12.cxd4 g5 13.Ne5 Qxd4 14.Nxc6 Qxd1 15.Rxd1 bxc6
16.f4 g4 17.Nf2 h5 18.Be3 Nd5 19.Bd4 f6 20.g3 c5 21.Bc3 Bb7 22.Rac1 Rc8 23.Re1 Nb6
24.Bb5+ Kf7 25.Ba5 Bd5 26.Ba6 Rc7 27.b3 Rd7 28.Bb5 Rb7 29.Ba6 Rbb8 30.Bf1 Rhd8
31.Ne4 f5 32.Nxc5 Rdc8 33.Nd3 Bf6 34.Bg2 Bd4+ 35.Kf1 Bxg2+ 36.Kxg2 Nd5 37.Rxc8 Rxc8
38.Rc1 Rxc1 39.Nxc1 h4 40.Bd2 h3+ 41.Kf1 Ke7 42.Ne2 Bb2 43.Ke1 Kd6 44.Kd1 e5
45.Kc2 exf4 46.Nxf4 Nxf4 47.Bxf4+ Be5 48.Be3 Bxg3 49.Bxa7 Kd5 50.Bg1 f4 51.Kd3 Bxh2  0-1

[Event "WYg18"]
[Site "Belfort FRA"]
[Date "2005.07.20"]
[Round "2"]
[White "Hoang Thi Bao Tram"]
[Black "Hoolt,S"]
[Result "1/2-1/2"]
[WhiteElo "2267"]
[BlackElo "2127"]

1.e4 e6 2.d4 d5 3.Nd2 Nc6 4.Ngf3 Nf6 5.e5 Nd7 6.c3 f6 7.exf6 Qxf6 8.Bb5 Bd6
9.O-O O-O 10.Nb3 a6 11.Be2 b6 12.Bg5 Qf7 13.Bh4 Bf4 14.Ng5 Bxg5 15.Bxg5 e5
16.Qd3 Nf6 17.Rad1 Bb7 18.Qh3 Rae8 19.Bd3 e4 20.Be2 Ne7 21.Qg3 Nf5 22.Qf4 Nh5
23.Qg4 g6 24.Qh3 Bc8 25.Bg4 h6 26.Be3 Kh7 27.Nc1 Nhg7 28.Bf4 Nh5 29.Be5 Rxe5
30.Bxh5 Nxd4 31.Qe3 Nc2 32.Qe2 Rxh5 33.Qxc2 Qf4 34.g3 Qg4 35.f4 exf3 36.Rd4 Qg5
37.Qf2 Bh3 38.Re1 Bg2 39.Nd3 Qf6 40.Nf4 Re5 41.Rxe5 Qxe5 42.Rxd5 Qe4 43.Rd1 Kg8
44.Re1 Qc6 45.Re6 Qc4 46.Re1 g5 47.Nxg2 fxg2 48.Qxg2 Qc5+ 49.Kh1 Rf2 50.Qe4 Qd6
51.Qe8+ Rf8 52.Qe4 Rf2 53.Kg1 Rf7 54.Qe8+ Kg7 55.Qe5+ Qxe5 56.Rxe5 Kf6 57.Re2 Rd7  1/2-1/2